000 nam a22 7a 4500
999 _c9365
_d9365
008 180129b ||||| |||| 00| 0 eng d
100 _aDallas D
_95606
245 _aSpeak English
260 _aLondon
_bOrient Publication
_c2003